| 000 | 00393nam a22001337a 4500 | ||
|---|---|---|---|
| 020 | _qHB. | ||
| 040 | _cFIZZA ISHAQ | ||
| 082 |
_a153.83 _bJOH |
||
| 100 |
_aHAMMOND,S.JOHN. _9134220 |
||
| 245 |
_aSMART CHOICES A PRACTICAL GUIDE TO MAKING BETTER DECISIONS / _cJOHN S.HAMMOND. |
||
| 260 |
_aNEW YORK ; _bHARVARD BUSINESS SCHOOL PRESS, _c1999. |
||
| 300 |
_a244 P. ; _c8.8X5.9IN |
||
| 942 |
_2ddc _cBK |
||
| 999 |
_c617193 _d617193 |
||